000 00370nam a2200157Ia 4500
003 LK-CoDNM
005 20240726130339.0
008 010623t xxu||||| |||| 00| 1 eng d
040 _aLK-CoDNM
_dLK-CoDNM
_eLK-CoDNM
041 _aeng
080 _a14
_bDD44
100 _aCoomaraswamy,Ananda.K.
245 _aMediaeval Aesthetic
300 _b12p. ; 30 cm
942 _cBK
999 _c134989
_d134989